BIBLIOTECA “JULIO CORTÁZAR”
ESCUELA AGROTÉCNICA “LIBERTADOR GENERAL SAN MARTÍN” - UNR – CASILDA

Logo Escuela Logo UNR

Oups : (Record no. 860)

MARC details
000 -LEADER
campo de control de longitud fija 00558nam#a22002175a#4500
001 - NÚMERO DE CONTROL
campo de control 860
008 - DATOS DE LONGITUD FIJA--INFORMACIÓN GENERAL
campo de control de longitud fija 090805s2006####ag#a###g######000#j#und#d
020 ## - NÚMERO INTERNACIONAL ESTÁNDAR DEL LIBRO
Número Internacional Estándar del Libro 9879201701
080 ## - NÚMERO DE LA CLASIFICACIÓN DECIMAL UNIVERSAL
Número de la Clasificación Decimal Universal 82-342
084 ## - OTRO NÚMERO DE CLASIFICACIÓN
Número de clasificación H76
040 ## - FUENTE DE CATALOGACIÓN
Centro catalogador/agencia de origen AR-ClEAG
Centro/agencia transcriptor AR-ClEAG
005 - FECHA Y HORA DE LA ÚLTIMA TRANSACCIÓN
campo de control 20241107184650.0
003 - IDENTIFICADOR DE NÚMERO DE CONTROL
campo de control AR-ClEAG
100 1# - ENTRADA PRINCIPAL--NOMBRE DE PERSONA
Nombre de persona Hörtenhuber, Kurt.
245 10 - MENCIÓN DEL TÍTULO
Título Oups :
Resto del título el mensajero del planeta del corazón /
Mención de responsabilidad, etc. Kurt Hörtenhuber.
250 ## - MENCION DE EDICION
Mención de edición 1ª ed.
260 ## - PUBLICACIÓN, DISTRIBUCIÓN, ETC.
Lugar de publicación, distribución, etc. Buenos Aires :
Nombre del editor, distribuidor, etc. V&R,
Fecha de publicación, distribución, etc. 2006.
300 ## - DESCRIPCIÓN FÍSICA
Extensión 50 p. :
Otras características físicas il. ;
Dimensiones 18 cm.
653 ## - TÉRMINO DE INDIZACIÓN--NO CONTROLADO
Término no controlado Narrativa Austríaca
942 ## - ELEMENTOS DE ENTRADA SECUNDARIOS (KOHA)
Tipo de ítem Koha Libros
980 ## - EQUIVALENCIA O REFERENCIA-CRUZADA-MENCIÓN DE SERIE--NOMBRE DE PERSONA/TÍTULO [LOCAL, CANADÁ]
Enlace 2
Nombre de persona Evangelina Gallicchio
Enlace entre campo y número de secuencia 2
Información miscelánea Evangelina Gallicchio

No items available.

Contacto

Biblioteca Julio Cortázar. Escuela Agrotécnica "Libertador San Martín". Universidad Nacional de Rosario
Dirección: Ov. Lagos 1000 - 2170 Casilda - Santa Fe - Argentina
Tel: (54) (03464) 422226.
Fax: (54) (03464) 427789.
E-Mail: biblio-eac@unr.edu.ar